[Event "BEL-ch U14"]
[Site "Blankenberge"]
[Date "2017.04.11"]
[Round "4"]
[White "Koebele, Aurel"]
[Black "Liveyns, Rune"]
[Result "1-0"]
[WhiteElo "1348"]
[BlackElo "1699"]
[PlyCount "61"]
[EventDate "2017.04.09"]
[EventType "swiss"]
[EventRounds "9"]
[EventCountry "BEL"]
[SourceTitle "CBM 178 Extra"]
[Source "ChessBase"]
[SourceDate "2017.06.22"]
[SourceVersion "1"]
[SourceVersionDate "2017.06.22"]
[SourceQuality "1"]

1. d4 Nf6 2. Bf4 g6 3. Nc3 Bg7 4. e4 d6 5. Nf3 0-0 6. Qd2 Nbd7 7. Bh6 e5 8. Bxg7 Kxg7 9. 0-0-0 Qe8 10. h4 h5 11. Bc4 c6 12. Bb3 a6 13. Rdg1 b5 14. dxe5 dxe5 15. Qd6 Bb7 16. Qc7 Rb8 17. Ng5 Qe7 18. Rd1 c5 19. Bxf7 Rxf7 20. Nxf7 Qxf7 21. Rxd7 Nxd7 22. Rd1 Bc8 23. Rxd7 Bxd7 24. Qxe5+ Kh6 25. Qxb8 Kh7 26. Qc7 Kg7 27. Nd5 Be6 28. Qxf7+ Kxf7 29. Kd2 Bc8 30. Ke3 Ke6 31. Kf4 1-0